Science Quiz

Random Science or Biology Quiz

Airborne Animals: Real or Fake? Quiz Stats

 Plays Quiz Updated Jul 1, 2016

Challenge
Share
Tweet
Embed
Score 0/30 Timer 03:00
0 Plays Today
% Correct
Raven
90.3%
Mosquito
89.4%
Robin
89.4%
Vulture
89.3%
Vampire Bat
89.2%
Horsefly
88.3%
Hornet
87.9%
Cardinal
86.2%
Albatross
86.1%
Locust
85.8%
Wren
84.2%
Peregrine
81%
Oriole
79.8%
Flamingo
79.3%
Flying Fish
76.2%
% Correct
Ladybird
75.2%
Hawkmoth
72.7%
Flying Fox
70%
Kite
69.8%
Goliath Beetle
67.9%
Sunbird
64.7%
Termite
54.8%
Catbird
54.2%
Paradise Tree Snake
48.2%
Earwig
46.3%
Bulbul
39.8%
Chough
37.9%
Palmchat
33.9%
Colugo
32.9%
Pitta
30.3%

You're not logged in!

Compare scores with friends on all Sporcle quizzes.
Join for Free
OR
Log In

You Might Also Like...

Show Comments

Extras

Top Quizzes Today


Score Distribution

Your Account Isn't Verified!

In order to create a playlist on Sporcle, you need to verify the email address you used during registration. Go to your Sporcle Settings to finish the process.

Report this User

Report this user for behavior that violates our Community Guidelines.

Details: